000 00640nam a2200181Ia 4500
008 100920s9999 xx 000 0 und d
082 _b105304
_a891.43 न 05
100 _aघोष श्यामसुंदर.
245 _aसदी पार कर नई सदी मे.
260 _bमीरा पब्लिकेशन,इलाहाबाद.
_c2005
300 _a136
_bसाधी
365 _b140
520 _aहिंदी.
630 _aसदी पार कर नई सदी मे.
650 _aहिंदी.
730 _aसदी पार कर नई सदी मे.
942 _cBOOK
999 _c745735
_d745732